Enzyme antigen and virus : (Record no. 12038)
[ view plain ]
| 000 -LEADER | |
|---|---|
| fixed length control field | 00990nam a2200325 a 4500 |
| 001 - CONTROL NUMBER | |
| control field | 12038 |
| 003 - CONTROL NUMBER IDENTIFIER | |
| rucl marc code | BD-RjUL |
| 005 - DATE AND TIME OF LATEST TRANSACTION | |
| control field | 20211208235226.0 |
| 008 - FIXED-LENGTH DATA ELEMENTS--GENERAL INFORMATION | |
| fixed length control field | 140128s19581956enka b 000 0 eng d |
| 035 ## - SYSTEM CONTROL NUMBER | |
| System control number | (BD-RjUL)12087 |
| System control number | (BD-RjUL) |
| 040 ## - CATALOGING SOURCE | |
| Original cataloging agency | QUT |
| Language of cataloging | eng |
| Transcribing agency | QUT |
| Modifying agency | NU |
| 041 ## - LANGUAGE CODE | |
| Language code of text/sound track or separate title | eng |
| 082 14 - DEWEY DECIMAL CLASSIFICATION NUMBER | |
| Classification number | 572.7 |
| Edition number | 23 |
| Author mark and year | BUE 1958 |
| 100 1# - MAIN ENTRY--PERSONAL NAME | |
| Personal name | Burnet, Macfarlane, |
| Dates associated with a name | 1899-1985. |
| 9 (RLIN) | 37306 |
| 245 10 - TITLE STATEMENT | |
| Title | Enzyme antigen and virus : |
| Remainder of title | a study of macromolecular pattern in action / |
| Statement of responsibility, etc. | by Sir Macfarlane Burnet. |
| 260 ## - PUBLICATION, DISTRIBUTION, ETC. (IMPRINT) | |
| Place of publication, distribution, etc. | London : |
| Name of publisher, distributor, etc. | Cambridge University Press, |
| Date of publication, distribution, etc. | 1956.[Reprinted 1958] |
| 300 ## - PHYSICAL DESCRIPTION | |
| Pagination | viii, 193 p. : |
| Illustrations | ill. ; |
| Size | 19 cm. |
| 504 ## - BIBLIOGRAPHY, ETC. NOTE | |
| Bibliography, etc | Includes Bibliography |
| 650 #0 - SUBJECT ADDED ENTRY--TOPICAL TERM | |
| Topical term or geographic name as entry element | Enzymes. |
| 9 (RLIN) | 37308 |
| Topical term or geographic name as entry element | Antigens. |
| 9 (RLIN) | 214606 |
| Topical term or geographic name as entry element | Viruses. |
| 9 (RLIN) | 37309 |
| Topical term or geographic name as entry element | Influenza. |
| 9 (RLIN) | 37310 |
| Topical term or geographic name as entry element | Antigens. |
| 9 (RLIN) | 37311 |
| Topical term or geographic name as entry element | Enzymes. |
| 9 (RLIN) | 37312 |
| Topical term or geographic name as entry element | Influenza. |
| 9 (RLIN) | 37313 |
| Topical term or geographic name as entry element | Orthomyxoviridae. |
| 9 (RLIN) | 37314 |
| Topical term or geographic name as entry element | Viruses. |
| 9 (RLIN) | 37315 |
| 942 ## - ADDED ENTRY ELEMENTS (KOHA) | |
| Source of classification or shelving scheme | Dewey Decimal Classification |
| Koha item type | Books |
| Lost status | Source of classification or shelving scheme | Damaged status | Not for loan | Collection code | Permanent Location | Current Location | Shelving location | Date acquired | Source of acquisition | Cost, normal purchase price | Total Checkouts | Full call number | Date last seen | Copy number | Koha item type |
|---|---|---|---|---|---|---|---|---|---|---|---|---|---|---|---|
| Dewey Decimal Classification | Not For Loan | Non-fiction | Central Library, University of Rajshahi | Central Library, University of Rajshahi | Reading Room | 08/08/1965 | Euro-pak book agency | 18.75 | 572.7 BUE 1958 | 28/01/2014 | C-1 | Books |